Pro Wrestlers by Picture #10 - Statistics

General Stats
  • This quiz has been taken 113 times
  • The average score is 13 of 20
Answer Stats
Picture Answer % Correct
Shelton Benjamin
89%
Jake Hager
85%
Carlito
84%
Viscera
80%
Dylan Postl
79%
Bob Holly
78%
John Morrison
76%
Mr. Kennedy
71%
D'Lo Brown
70%
Charles Wright
69%
Al Snow
68%
Michelle McCool
60%
Koko B. Ware
55%
Torrie Wilson
54%
Lance Storm
53%
Savio Vega
52%
Spike Dudley
49%
Jacqueline
48%
Val Venis
45%
Eve Torres
40%
No matching quizzes found
Score Distribution
Percent of People with Each Score
Percentile by Number Answered
Your Score History
You have not taken this quiz